El aprendiz de brujo (Record no. 19969)

MARC details
000 -LEADER
campo de control de longitud fija 00916nam a2200277 i 4500
001 - NÚMERO DE CONTROL
campo de control 19969
003 - IDENTIFICADOR DE NÚMERO DE CONTROL
campo de control ES-MaACL
005 - FECHA Y HORA DE LA ÚLTIMA TRANSACCIÓN
campo de control 20240205165140.0
007 - CAMPO FIJO DE DESCRIPCIÓN FÍSICA--INFORMACIÓN GENERAL
campo de control de longitud fija t|
008 - DATOS DE LONGITUD FIJA--INFORMACIÓN GENERAL
campo de control de longitud fija 020711s2001 sp ||||1| spa d
020 ## - NÚMERO INTERNACIONAL ESTÁNDAR DEL LIBRO
Número Internacional Estándar del Libro 84-206-4459-5
080 ## - NÚMERO DE LA CLASIFICACIÓN DECIMAL UNIVERSAL
Número de la Clasificación Decimal Universal 929 Richardson, John
080 ## - NÚMERO DE LA CLASIFICACIÓN DECIMAL UNIVERSAL
Número de la Clasificación Decimal Universal 929 Cooper, Douglas
080 ## - NÚMERO DE LA CLASIFICACIÓN DECIMAL UNIVERSAL
Número de la Clasificación Decimal Universal 929 Picasso, Pablo
100 1# - ENTRADA PRINCIPAL--NOMBRE DE PERSONA
Nombre de persona Richardson, John.
9 (RLIN) 96935
245 13 - MENCIÓN DEL TÍTULO
Título El aprendiz de brujo
Resto del título : Picasso, Provenza y Douglas Cooper /
Mención de responsabilidad, etc. John Richardson ; versión española de Fernando Borrajo.
260 ## - PUBLICACIÓN, DISTRIBUCIÓN, ETC.
Lugar de publicación, distribución, etc. Madrid :
Nombre del editor, distribuidor, etc. Alianza Editorial,
Fecha de publicación, distribución, etc. [2001]
300 ## - DESCRIPCIÓN FÍSICA
Extensión 363 p., [8] p. de lám. ;
Dimensiones 23 cm.
504 ## - NOTA DE BIBLIOGRAFÍA, ETC.
Nota de bibliografía, etc. Bibliografía: p. 349-350.
600 14 - PUNTO DE ACCESO ADICIONAL DE MATERIA--NOMBRE DE PERSONA
Nombre de persona Richardson, John.
9 (RLIN) 96935
600 14 - PUNTO DE ACCESO ADICIONAL DE MATERIA--NOMBRE DE PERSONA
Nombre de persona Cooper, Douglas.
9 (RLIN) 40385
600 14 - PUNTO DE ACCESO ADICIONAL DE MATERIA--NOMBRE DE PERSONA
Nombre de persona Picasso, Pablo,
Fechas asociadas al nombre 1881-1973
9 (RLIN) 91794
700 1# - ENTRADA AGREGADA--NOMBRE PERSONAL
Nombre de persona Borrajo, Fernando.
9 (RLIN) 30545
852 ## - LOCALIZACIÓN
Ubicación ES-MaACL
Número de control de estantería L-25966
Sublocalización o colección R.131273
Holdings
Estatus retirado Estado de pérdida Estado de daño No para préstamo Biblioteca de origen Biblioteca actual Ubicación en estantería Fecha de adquisición Fuente de adquisición Total de préstamos Signatura topográfica completa Código de barras Visto por última vez Precio de reemplazo Tipo de ítem Koha
        Biblioteca del Ateneo de Madrid Biblioteca del Ateneo de Madrid Depósito 2 17/01/2008     L-25966 1020454 23/02/2023 23/02/2023 Libro impreso